Cenovo nákladová konkurencieschopnosť v krajinách V4 pokrízovom období

Analýza vplyvu znehodnotenia výmenných kurzov Českej republiky, Maďarska a Poľska v porovnaní so Slovenskom, ktoré vplyvom zavedenia eura nemalo možnosť prispôsobenia sa novým ekonomickým podmienkam prostredníctvom kurzového kanála.

Uložené v:
Podrobná bibliografia
Hlavný autor: Kendera, Tomáš
Médium: Kapitola
Jazyk:Slovak
Predmet:
Tagy: Pridať tag
Žiadne tagy, Buďte prvý, kto otaguje tento záznam!

MARC

LEADER 00000nla a2200000 4500
001 0200496
005 20240502073405.6
041 0 |a slo 
044 |a SK 
245 1 0 |a Cenovo nákladová konkurencieschopnosť v krajinách V4 pokrízovom období  |c Tomáš Kendera 
520 |a Analýza vplyvu znehodnotenia výmenných kurzov Českej republiky, Maďarska a Poľska v porovnaní so Slovenskom, ktoré vplyvom zavedenia eura nemalo možnosť prispôsobenia sa novým ekonomickým podmienkam prostredníctvom kurzového kanála. 
610 2 0 |a konkurencieschopnosť 
610 2 0 |a Vyšehradská štvorka 
610 2 0 |a kurz výmenný 
610 2 0 |a Česko 
610 2 0 |a Maďarsko 
610 2 0 |a Poľsko 
610 2 0 |a ceny 
100 1 |a Kendera, Tomáš